00682 2200289 4500001002100000005001500021035002000036007000300056008004100059020002200100082001000122084001600132100001700148245005400165250000600219260003100225300002200256990001000278990001900288990001900307990001900326990001000345990001000355990000900365990000900374990000900383INLIS00000000000656720210212053110 a0010-0221000010ta210212 g 0 ind  a978-602-5790-10-2 a628.4 a628.4 DEW k0 aDewi Istanti1 aKreasi Cantik dari Limbah Plastik /cDewi Istanti a1 ayogyakarta :bhijaz,c2018 a140 ;c14 x 24 cm a02591 a00027APBD00027 a00028APBD00028 a00029APBD00029 a02592 a02593 a4452 a4453 a4454